Código de la familia. Normativa y jurisprudencia sistematizada, concordada y comentada
Uloženo v:
| Hlavní autor: | |
|---|---|
| Médium: | Kniha |
| Jazyk: | španělština |
| Vydáno: |
Santiago, Chile
Thomson Reuters La Ley
2015
|
| Vydání: | Cuarta edición |
| Edice: | Colección Privada
|
| Témata: | |
| Tagy: |
Přidat tag
Žádné tagy, Buďte první, kdo vytvoří štítek k tomuto záznamu!
|
MARC
| LEADER | 00000cam a2200000 a 4500 | ||
|---|---|---|---|
| 001 | UCD5092 | ||
| 003 | CL-VaPUC | ||
| 005 | 20240402120829.0 | ||
| 008 | 160807e20150517cl |||||||||||||||||spa|d | ||
| 020 | |a 9789563467086 | ||
| 040 | |c Pontificia Universidad Católica de Valparaíso | ||
| 082 | 0 | 4 | |a 346.83015 BAR 2015 |2 21 |
| 100 | 0 | |a Barrientos Grandón, Javier Orlando |e author |9 588821 | |
| 245 | 1 | 0 | |a Código de la familia. |b Normativa y jurisprudencia sistematizada, concordada y comentada |
| 250 | |a Cuarta edición |b actualizada al 17 de mayo de 2015 | ||
| 260 | |a Santiago, Chile |b Thomson Reuters La Ley |c 2015 | ||
| 300 | |a 1067 páginas | ||
| 490 | 0 | |a Colección Privada | |
| 500 | |a Incluye Ley No 20.830, que crea acuerdo de Unión Civil comentada | ||
| 583 | |a last modification |c 20160807 22:49:00 |k Rodrigo Vera | ||
| 650 | 0 | |a Derecho de familia |9 255603 | |
| 650 | 0 | |a Matrimonio |2 CL-VaPUC |9 294807 | |
| 650 | 0 | |a Filiación |9 256647 | |
| 650 | 0 | |a Tuición |9 543962 | |
| 650 | 0 | |a Violencia intrafamiliar |9 312986 | |
| 650 | 0 | |a Jurisprudencia |9 255952 | |
| 942 | |c BK |2 ddc | ||
| 945 | |d 20160807 22:49:00 |a arojas | ||
| 999 | |c 365859 |d 365857 | ||
| 952 | |0 0 |1 0 |3 erb |4 0 |6 346_830150000000000_BAR_2015 |7 0 |8 A |9 470422 |a BIBDER |b BIBDER |i 5195489 |l 1 |o 346.83015 BAR 2015 |p 5195489 |r 2023-05-25 |s 2023-05-25 |w 2019-11-23 |y BK |z Catalogado en:20150904 |k DER | ||
| 952 | |0 0 |1 0 |3 erb |4 0 |6 346_830150000000000_BAR_2015 |7 0 |8 R |9 479828 |a BIBGIM |b BIBGIM |i 5334918 |o 346.83015 BAR 2015 |p 5334918 |r 2025-01-15 |w 2019-11-24 |y BK_R |z Catalogado en:20160807 |k SSL | ||
| 952 | |0 0 |1 0 |3 erb |4 0 |6 346_830150000000000_BAR_2015 |7 0 |8 R |9 479829 |a BIBGIM |b BIBGIM |i 5334926 |l 2 |m 5 |o 346.83015 BAR 2015 |p 5334926 |q 2025-07-31 |r 2025-01-14 |s 2025-01-14 |w 2019-11-24 |y BK_R |z Catalogado en:20160807 |k SSL | ||